STN P ENV 12657: 2001 (01 9332), Geografická informácia. Opis dát. Metadáta

Norma je identická s ENV 12657: 1998

Bibliographic Details
Main Author: Kopcsayová, Vlasta (Author)
Corporate Author: Slovenská spoločnosť pre technickú normalizáciu (Translator)
Other Authors: Pravda, Ján, 1934-2010 (Translator)
Format: Book
Language:Slovak
English
PhysicalDescription:68 s. 30 cm
Published: Bratislava Slovenský ústav technickej normalizácie 2001
Subjects:

MARC

LEADER 00000nam a2200000 a 4500
001 vtls008962244
003 SK-MaSNL
005 20260301080938.0
008 130117s2001 xo a f u 000 0 slo
015 |a SNBN2016 
020 |c (cen. skup. 16) 
040 |a SNK  |b slo  |c SNK  |e AACR2 
041 1 |a slo  |h eng 
044 |a xo  |c SK 
046 |a s  |m 200112 (účin.) 
072 7 |a 528  |x Geodézia. Kartografia  |2 konspekt 
072 7 |a 00  |x Veda. Všeobecnosti. Základy vedy a kultúry. Vedecká práca  |2 konspekt 
080 |a 528  |2 2001 
080 |a 528.9  |2 2001 
080 |a 006.7/.8  |2 2001 
080 |a (437.6)  |2 2001 
080 |a (4)  |2 2001 
080 |a (083)  |2 2001 
080 |a 001.103.2  |2 2001 
084 |a 07.040  |2 ICS 
084 |a 35.240.70  |2 ICS 
130 0 |a STN 01 9332 (STN P ENV 12657)  |9 403446 
245 1 0 |a STN P ENV 12657: 2001 (01 9332), Geografická informácia. Opis dát. Metadáta 
246 1 0 |a Geografická informácia 
246 1 0 |a Opis dát 
246 1 0 |a Metadáta 
260 |a Bratislava  |b Slovenský ústav technickej normalizácie  |c 2001 
300 |a 68 s.  |c 30 cm 
500 |a Súbežný názov anglicky, nemecky a francúzsky 
500 |a Spracovateľ: SSTN, Ján Pravda ; SUTN Bratislava, Vlasta Kopcsayová 
504 |a Citované normy, súvisiace normy a súvisiace právne predpisy s. 2 
520 8 |a Norma je identická s ENV 12657: 1998 
540 |a STN vydané na akomkoľvek nosiči sa môžu rozmnožovať a rozširovať iba so súhlasom určenej právnickej osoby  |b SÚTN Bratislava  |c zákon 264/1999 Z. z. 
650 0 7 |a geodézia  |2 SNKPH  |9 819 
650 0 7 |a kartografia  |2 SNKPH  |9 820 
650 0 7 |a technické normy a štandardy  |z Slovensko  |2 SNKPH  |9 79594 
650 0 7 |a technické normy a štandardy  |z krajiny Európskej únie  |2 SNKPH  |9 289341 
650 0 7 |a Geodesy  |2 SNKPHeng  |9 267136 
650 0 7 |a Cartography  |2 SNKPHeng  |9 267137 
650 0 7 |a metadáta  |2 SNKPH  |9 93749 
650 0 7 |a metadáta  |2 SNKPHeng  |9 93749 
655 7 |a normy  |2 SNKPH  |9 70643 
700 1 |a Pravda, Ján,  |d 1934-2010  |4 trl  |9 102220 
700 1 |a Kopcsayová, Vlasta  |4 aut  |9 314729 
710 2 |a Slovenská spoločnosť pre technickú normalizáciu  |4 trl  |9 36642 
710 2 |a Slovenský ústav technickej normalizácie (Bratislava, Slovensko).  |b Technická normalizačná komisia č.89 Geodézia a kartografia  |4 stn  |9 403447 
958 |a NB 
958 |a OP 
999 |c 654549  |d 656479 
952 |a SNK  |b SNK  |y PREZ  |7 0  |p 17A0547364  |o snkSTN P ENV 12657  |i snk2007/9647  |8 0  |0 0  |1 0  |4 0  |d 2007-04-10  |l 0  |r 2026-02-23 18:33:14  |w 2026-02-23 
952 |a SNK  |b SNK  |y PREZ  |7 0  |p 17A0547365  |o snkSTN P ENV 12657 D1  |i snk2007/9648  |8 0  |0 0  |1 0  |4 0  |d 2007-04-10  |l 0  |r 2026-02-23 18:33:14  |w 2026-02-23